000 00202 a2200097 4500
001 18055
100 _aLee, A M
245 _aApplied queueing theory
260 _a
_bMacmillan
_c
090 _c13349
_d13349
942 _aNUST-CAE
_cM
_c3724
999 _c253128
_d253128